000 00303nam a2200133Ia 4500
005 20251222140028.0
008 251222s1900||||xx |||||||||||||| ||spa||
020 _a8471187019
082 _a219.21/S78
100 _aStanley L., Jaki
245 0 _aCiencia, Fe, Cultura
264 _bPalabra
942 _cLIB
999 _c2855
_d2855